Sud'ba odnogo teoretičeskogo "novšestva".
Kritická analýza teoretickej "novoty" zavedenej ex-prezidentom M. Gorbačovom a to "privatizovaného socializmu". Táto teória má podporiť pozície teórie "zmiešanej ekonomiky". Charakteristika argumentov prívržencov i odporcov tejto teoretickej novinky. Záver autora, že cesta k socializmu spojená so sl...
Gespeichert in:
| 1. Verfasser: | |
|---|---|
| Format: | Buchkapitel |
| Sprache: | Russisch |
| Schlagworte: | |
| Tags: |
Keine Tags, Fügen Sie das erste Tag hinzu!
|
MARC
| LEADER | 00000naa a2200000 4500 | ||
|---|---|---|---|
| 001 | r009456 | ||
| 005 | 20221130113243.4 | ||
| 041 | 0 | |a rus | |
| 044 | |a SU | ||
| 245 | 1 | 0 | |a Sud'ba odnogo teoretičeskogo "novšestva". |c V. Čerkovec |
| 520 | |a Kritická analýza teoretickej "novoty" zavedenej ex-prezidentom M. Gorbačovom a to "privatizovaného socializmu". Táto teória má podporiť pozície teórie "zmiešanej ekonomiky". Charakteristika argumentov prívržencov i odporcov tejto teoretickej novinky. Záver autora, že cesta k socializmu spojená so slobodnou trhovou ekonomikou, súkromným vlastníctvom a súkromným podnikaním je cesta od socializmu ku kapitalizmu. | ||
| 610 | 2 | 0 | |a teórie ekonomické |
| 610 | 2 | 0 | |a Gorbačov, M. |
| 610 | 2 | 0 | |a privatizácia |
| 610 | 2 | 0 | |a socializmus |
| 610 | 2 | 0 | |a hospodárstvo trhové |
| 610 | 2 | 0 | |a vlastníctvo súkromné |
| 100 | 1 | |a Čerkovec, V. | |